00390cam a2200157ua 45000010005000000080039000050400009000440820012000531000022000652450043000872500009001302600040001393000017001796530013001966530023002091681110715n ii |||gr||||Z||||||eng cMAIN a330.954 aDhar, Pranab kr.,1 aBharatia arthaniticby Pranab Kr. Dhar a1st. aNew Delhi:bKalyani Publishers,994. a535p:c23cm. aEconomic aBharatia arthaniti